书目信息 |
| 书名: | Anthology of American Literature | |
| 作者: | Volume Ⅰ Colonical Through Romantic | |
| 分册号: | ||
| 分册名: | 出版地: | New York : |
|
| 出版社: | Macmillan | |
| 出版时间: | 1980. | |
| 页数: | 995 p. ; | |
| 开本: | 23cm. | |
| 丛书名: | ||
| 中图分类号: | ||
| 科图分类号: | ||
| 其他分类号: | I712.11 | |
| 主题词: | ||
| 电子资源: | ||
| 000 | 00448nam 2200145 a 4500 | |
| 001 | E0757978528 | |
| 005 | 20070228161049.32 | |
| 008 | 070228s1980 00010 eng | |
| 020 | @a0-02-379570-8 :@cCNY12.00. | |
| 040 | @aPFT@beng | |
| 090 | @aI712.11 | |
| 099 | @dI712.11@ex1:1(1)=2 | |
| 245 | @aAnthology of American Literature / @cVolume Ⅰ Colonical Through Romantic@s (Second Edition). | |
| 260 | @aNew York :@bMacmillan,@c1980. | |
| 300 | @a995 p. ;@c23cm. | |
| Anthology of American Literature / / Volume Ⅰ Colonical Through Romantic ( (Second Edition).).-New York : : Macmillan, , 1980. |
| 995 p. ; ; 23cm. |
| ISBN 0-02-379570-8 :CNY12.00. |
| ● |
| 相关链接 |
|
|
|
|
正题名:Anthology of American Literature
索取号:I712.11/x1:1(1)=2
 
预约/预借
| 序号 | 登录号 | 条形码 | 馆藏地/架位号 | 状态 | 备注 |
| 1 | 82838 | 001683761 | 密集书库/ [索取号:I712.11/x1:1(1)=2] | 在馆 | |
| 2 | 82839 | 001683645 | 第四借阅区/ [索取号:I712.11/x1:1(1)=2] | 在馆 | |
| 3 | 82840 | 001683592 | 第四借阅区/ [索取号:I712.11/x1:1(1)=2] | 在馆 | |
| 4 | 82841 | 001683752 | 第二样本阅览室/ [索取号:I712.11/x1:1(1)=2] | 在馆 |